000 01272cam a2200313 a 4500
001 17446827
003 cu123
005 20250623172252.0
008 120830s2011 gh ab b 001 0 eng
010 _a 2012311787
020 _a9789964303822
040 _aDLC
_cDLC
_dDLC
042 _alcode
_apcc
043 _af-gh---
050 0 0 _aHD1476.G4
_bB46 2011
100 1 _aBenneh, George.
245 1 0 _aTechnology should seek tradition :
_bstudies on traditional land tenure and small holder farming systems in Ghana /
_cGeorge Benneh with Raymond Bagulo Bening.
260 _aAccra :
_bGhana Universities Press ;
_aOxford [UK] :
_bDistributed in Europe and North America by African Books Collective,
_c2011.
300 _axx, 267 p. :
_bill., maps ;
_c22 cm.
504 _aIncludes bibliographical references and index.
650 0 _aLand tenure
_zGhana.
650 0 _aFarms, Small
_zGhana.
650 0 _aAgricultural innovations
_zGhana.
700 1 _aBening, R. Bagulo.
856 4 1 _3Table of contents only
_uhttp://www.loc.gov/catdir/toc/fy13pdf06/2012311787.html
906 _a7
_bcbc
_corigode
_d3
_encip
_f20
_gy-gencatlg
942 _2lcc
_cBK
_n0
999 _c6644
_d6644